| 000 -LEADER | |
|---|---|
| fixed length control field | 00427nam a22001697a 4500 |
| 005 - DATE AND TIME OF LATEST TRANSACTION | |
| control field | 20160629145029.0 |
| 008 - FIXED-LENGTH DATA ELEMENTS--GENERAL INFORMATION | |
| fixed length control field | 160629b xxu||||| |||| 00| 0 eng d |
| 020 ## - INTERNATIONAL STANDARD BOOK NUMBER | |
| ISBN | 81-85749-57-4 |
| 041 ## - LANGUAGE CODE | |
| Language code of text/sound track or separate title | eng |
| 082 ## - DEWEY DECIMAL CLASSIFICATION NUMBER | |
| Item number | 12473 |
| 100 ## - MAIN ENTRY--AUTHOR NAME | |
| Personal name | Gupta, J. B |
| 245 ## - TITLE STATEMENT | |
| Title | Transmission & Distribution of Electrical Power |
| 260 ## - PUBLICATION, DISTRIBUTION, ETC. (IMPRINT) | |
| Name of publisher | S.K. Kataria & Sons |
| Year of publication | 2012 |
| 300 ## - PHYSICAL DESCRIPTION | |
| Number of Pages | 451 |
| 650 ## - SUBJECT ADDED ENTRY--TOPICAL TERM | |
| Topical Term | Diploma Engineering |
| 942 ## - ADDED ENTRY ELEMENTS (KOHA) | |
| Koha item type | Books |
| Lost status | Damaged status | Home library | Current library | Shelving location | Date acquired | Cost, normal purchase price | Full call number | Accession Number | Koha item type |
|---|---|---|---|---|---|---|---|---|---|
| JRU Library | SHELF-40-H | 29/06/2016 | 250.00 | 12473 | 12473 | Books | |||
| JRU Library | SHELF-40-I | 29/06/2016 | 250.00 | 12473 | 12474 | Books | |||
| JRU Library | SHELF-40-H | 29/06/2016 | 250.00 | 12473 | 12475 | Books | |||
| JRU Library | SHELF-40-H | 29/06/2016 | 250.00 | 12473 | 12476 | Books | |||
| JRU Library | SHELF-40-I | 29/06/2016 | 250.00 | 12473 | 12477 | Books | |||
| JRU Library | SHELF-40-H | 29/06/2016 | 250.00 | 12473 | 12478 | Books | |||
| JRU Library | SHELF-40-I | 29/06/2016 | 250.00 | 12473 | 12479 | Books | |||
| JRU Library | SHELF-40-I | 29/06/2016 | 250.00 | 12473 | 12480 | Books | |||
| JRU Library | SHELF-40-H | 29/06/2016 | 250.00 | 12473 | 12481 | Books | |||
| JRU Library | SHELF-40-H | 29/06/2016 | 250.00 | 12473 | 12482 | Books | |||
| JRU Library | SHELF-40-I | 29/06/2016 | 250.00 | 12473 | 12483 | Books | |||
| JRU Library | 29/06/2016 | 250.00 | 12473 | 12484 | Books | ||||
| JRU Library | SHELF-40-I | 29/06/2016 | 250.00 | 12473 | 12485 | Books | |||
| JRU Library | SHELF-40-H | 29/06/2016 | 250.00 | 12473 | 12486 | Books | |||
| JRU Library | SHELF-40-I | 29/06/2016 | 250.00 | 12473 | 12487 | Books | |||
| JRU Library | SHELF-40-I | 29/06/2016 | 250.00 | 12473 | 12488 | Books | |||
| JRU Library | SHELF-40-H | 29/06/2016 | 250.00 | 12473 | 12489 | Books | |||
| JRU Library | SHELF-40-I | 29/06/2016 | 250.00 | 12473 | 12490 | Books | |||
| JRU Library | SHELF-40-I | 29/06/2016 | 250.00 | 12473 | 12491 | Books | |||
| JRU Library | 29/06/2016 | 250.00 | 12473 | 12492 | Books |